Dictionnaire des auteurs et des thèmes de la philosophie

Bibliographic Details
Main Authors: Auroux, Sylvain (Author), Weil, Yvonne (Author)
Format: Book
Language:French
PhysicalDescription:526 s. 20 cm
Published: [Paris] Hachette 1991
ISBN:2010159705
Edition:Éd. rev. et augm.
Series:Faire le point
Réferences
Subjects:

MARC

LEADER 00000nam a2200000 a 4500
001 vtls001298690
003 SK-MaSNL
005 20260425234618.0
008 240318s1991 fr f 00100 fre
020 |a 2010159705  |q (viaz.) 
035 |a SNK000250629 
040 |a SNK  |b slo  |c SNK  |e AACR2 
040 0 |a SNK  |e AACR2  |b slo  |c SNK 
044 |a fr  |c FR 
072 7 |a 101  |x Filozofia  |2 konspekt 
080 |a 101  |2 2001 
080 |a 101-051  |2 2001 
080 |a (031)  |2 2001 
100 1 |a Auroux, Sylvain  |4 aut  |9 455366 
245 1 0 |a Dictionnaire des auteurs et des thèmes de la philosophie  |c Sylvain Auroux, Yvonne Weil 
250 |a Éd. rev. et augm. 
260 |a [Paris]  |b Hachette  |c 1991 
300 |a 526 s.  |c 20 cm 
490 1 |a Faire le point 
490 1 |a Réferences 
650 0 7 |a filozofia  |2 SNKPH  |9 793 
650 0 7 |a filozofi  |2 SNKPH  |9 23475 
650 0 7 |a Philosophy  |2 SNKPHeng  |9 266492 
650 0 7 |a Philosophers  |2 SNKPHeng  |9 282961 
655 7 |a slovníky  |2 SNKPH  |9 70413 
655 7 |a Dictionaries  |2 SNKPHeng  |9 294898 
700 1 |a Weil, Yvonne  |4 aut  |9 519997 
830 0 |a Faire le point  |9 519998 
830 0 |a Réferences  |9 519999 
919 |a 2-01-015970-5 
999 |c 801749  |d 803679 
952 |a SNK  |b SNK  |y VYP  |7 0  |p 17A0075394  |o snkID 98523  |i snk2010/27610  |8 5  |0 0  |1 0  |4 0  |d 1997-08-11  |l 0  |r 2005-01-02 00:00:00  |w 2026-02-24